| 000 | 01220nam a2200277 a 4500 | ||
|---|---|---|---|
| 001 | 001130049 | ||
| 003 | AM-YeHGA | ||
| 005 | 20260325093832.0 | ||
| 008 | 140506s2015 ai r 000 0 arm d | ||
| 020 | _a9789939860107 | ||
| 040 | _aAM-YeHGA | ||
| 041 | 0 | _aarm | |
| 041 | 0 | _arus | |
| 245 | 0 | 0 |
_aՆելսոն Ստեփանյան : _b[Հոդվածների ժողովածու] / _cՀՀ ԳԱԱ, Պատմ. ին-տ. |
| 246 | 1 | 4 |
_aНельсон Степанян : _b[Сборник статей] |
| 260 |
_aԵրևան : _bՊատմության ինստիտուտ, _c2015. |
||
| 300 |
_a164 էջ : _bնկ. ; _c21 սմ. |
||
| 440 | 0 |
_aՄեսրոպ Արք. Աշճեան մատենաշար _v122 |
|
| 600 | 1 | 4 | _aՍտեփանյան, Նելսոն |
| 650 | 1 | 4 |
_aՀայ ժողովրդի պատմություն _xՀայրենական մեծ պատերազմի հայ հերոսներ |
| 650 | 1 | 4 |
_aՀայրենական մեծ պատերազմ _9887 |
| 710 | 2 | _aՀՀ Գիտությունների ազգային ակադեմիա | |
| 710 | 2 | _aՊատմության ինստիտուտ ՀՀ ԳԱԱ | |
| 856 | 4 | 1 |
_uhttps://arar.sci.am/dlibra/publication/461467/edition/428244/content _yԿարդալ առցանց |
| 942 |
_2udc _cBK |
||
| 999 |
_c362898 _d362898 |
||